Entry Nombre personal
001 - NÚMERO DE CONTROL
- campo de control: 103409
003 - IDENTIFICADOR DE NÚMERO DE CONTROL
- campo de control: SpMaBN
005 - FECHA Y HORA DE LA ÚLTIMA TRANSACCIÓN
- campo de control: 20250821105644.0
008 - ELEMENTOS DE DATO DE LONGITUD-FIJA
- campo de control de longitud fija: 901120nn aijnnaabn a aaa
016 ## - NÚMERO DE CONTROL DE UNA AGENCIA BIBLIOGRÁFICA NACIONAL
- Número de control del registro: BNE19900157632
024 7# - IDENTIFICADOR DE OTROS ESTÁNDARES
- Número estándar o código: http://viaf.org/viaf/95303081/
- Fuente: viaf
024 7# - IDENTIFICADOR DE OTROS ESTÁNDARES
- Número estándar o código: https://orcid.org/0000-0003-1078-7743
- Fuente: orcid
024 7# - IDENTIFICADOR DE OTROS ESTÁNDARES
- Número estándar o código: https://isni.org/isni/0000000110784548
- Fuente: isni
024 7# - IDENTIFICADOR DE OTROS ESTÁNDARES
- Número estándar o código: http://www.wikidata.org/entity/Q64770199
- Fuente: wikidata
040 ## - FUENTE DE CATALOGACIÓN
- Centro catalogador/agencia de origen: SpMaBN
- Lengua de catalogación: spa
- Centro/agencia transcriptor: SpMaBN
- Normas de descripción: rdc
- Convención/Normas de encabezamiento de materia/tesauro: embne
042 ## - CÓDIGO DE AUTENTICACIÓN
- Código de autenticación: NORM20110302
100 1# - ENCABEZAMIENTO-NOMBRE DE PERSONA
- Nombre de persona: Santiago Páez, Elena
375 ## - GÉNERO/SEXO
- Género: Femenino
377 ## - IDIOMA ASOCIADO
- Código del idioma: spa
- Término de lengua/lenguaje: Español
400 1# - TRAZADO DE VÉASE--NOMBRE DE PERSONA
- Nombre de persona: Santiago Páez, Elena María
400 1# - TRAZADO DE VÉASE--NOMBRE DE PERSONA
- Nombre de persona: Santiago Páez, Elena M.
670 ## - FUENTE DE DATOS ENCONTRADOS
- Cita de la fuente: La historia en los mapas manuscritos de la Biblioteca Nacional, 1984
- Información encontrada: port. (Elena Santiago Páez)
670 ## - FUENTE DE DATOS ENCONTRADOS
- Cita de la fuente: Disegni italiani di architettura e ornamentazione della Biblioteca Nazionale di Madrid, 1991
- Información encontrada: port. (Elena María Santiago Páez)
670 ## - FUENTE DE DATOS ENCONTRADOS
- Cita de la fuente: Rembrandt, 2006
- Información encontrada: port. (comisaria, Elena Santiago)
670 ## - FUENTE DE DATOS ENCONTRADOS
- Cita de la fuente: Treinta años de creación sobre papel, 1977-2007, 2009
- Información encontrada: v. port. (Elena M. Santiago Páez)
